Score 0/30 Timer 05:00
1 Play Today
Clue 5-Letter Word % Correct
The cowboy from 'Toy Story'WOODY
95.5%
Coins or billsMONEY
94.8%
Halle of 'Monster's Ball'BERRY
93.2%
Like Swiss cheeseHOLEY
92%
'Nights in White Satin' by the ___ BluesMOODY
91.8%
To fretWORRY
91.3%
Blue-green, like old American breadMOLDY
90.9%
Ringwald of 'Sixteen Candles'MOLLY
90.4%
Animal that's 'Crouching' in an Ang Lee movieTIGER
90%
VerboseWORDY
89%
'Bond girl' Rider from 'Dr. No'HONEY
88.2%
Hunter of 'The Piano'HOLLY
88.2%
Bostwick who played Brad in 'Rocky Horror...'BARRY
86.1%
African countryNIGER
85.9%
One of the 7 DwarfsDOPEY
85%
Clue 5-Letter Word % Correct
7 Card Stud, e.g.POKER
84.9%
In a sad pouty moodMOPEY
81.8%
A truck in the UKLORRY
80.9%
Al who does weather on NBCROKER
78.6%
Miller of '10 Things I Hate About You'LARRY
77.5%
One who fixed a pianoTUNER
77.2%
Need for a photocopierTONER
73.6%
River in RomeTIBER
71.4%
Lewis of 'The Nutty Professor'JERRY
71.4%
An underground edible rootTUBER
69.1%
Hawthorne from 'The Madness of King George'NIGEL
68.2%
A really tall building or a tarot cardTOWER
67.7%
Tyrone, the swashbuckling actorPOWER
66.3%
One who preps silicons wafersDOPER
58.6%
Famed pollster ElmoROPER
56.1%

Today's Daily Dose

You're not logged in!

Compare scores with friends on all Sporcle quizzes.
OR
Log In

From the Vault

4 + 4 = 7

by sproutcm

Yes. This is how math works. We are 100% sure.
Remove Ads.
Support Sporcle.
Get the best of Sporcle when you Go Orange. This ad-free experience offers more features, more stats, and more fun while also helping to support Sporcle. Thank you for becoming a member.

Show Comments

Extras

Top Quizzes Today


Score Distribution

Your Account Isn't Verified!

In order to create a playlist on Sporcle, you need to verify the email address you used during registration. Go to your Sporcle Settings to finish the process.

Report this User

Report this user for behavior that violates our Community Guidelines.

Details: